| 000 | 00791 a2200277 4500 | ||
|---|---|---|---|
| 264 |
_aAnkara; _b, _c1996 |
||
| 650 | 0 | 0 |
_932546 _aTezler, Akademik |
| 999 |
_c200043717 _d34658 |
||
| 001 | 200043717 | ||
| 003 | TR-AnTOB | ||
| 005 | 20260210134038.0 | ||
| 008 | 111204s1996 tu 000 0 | ||
| 040 |
_aTR-AnTOB _cTR-AnTOB |
||
| 041 | 0 | _atur | |
| 099 | _aTEZ GAZI SBE TDE Ph. D96 SOL | ||
| 100 | 1 |
_aSolmaz, Güven _979207 |
|
| 245 | 0 | 0 |
_aAhdi ve Gülşen-i Şu'arası / _cGüven Solmaz. |
| 300 |
_axx, 731 p. : _c29 cm. |
||
| 504 | _aIncludes bibliographical references | ||
| 650 | 0 | 0 |
_aDissertations, Academic _932543 |
| 653 | _aGülşen-i Şu'ara | ||
| 653 | _aAhdi | ||
| 710 | 2 | 2 |
_aGazi Üniversitesi. _bSosyal Bilimler Enstitüsü _944674 |
| 903 | _aMerkez Kütüphane | ||
| 942 |
_2z _cTEZ |
||